00857nam a22001337a 4500008004100000082002400041100002200065245009900087260004400186300003200230505037000262650004000632700005100672150410b xxu||||| |||| 00| 0 eng d a759.06bW 143p v.3 aVeronesi, Giulia  aArte contemporaneobEl Abstractismo Parte IIIcVeronesi, Giulia (autor), Pinto Renato (editor) aBuenos Aires ArgentinabVisconteac1977 a335 p.bill. (col)c30.5 cm tBauhaus y el arte abstracto en Alemania.rGiulia VeronesitEl arte abstracto en Europa Central. Los artistas figurativos de la BauhausrGiulia VeronesitDossier cientificotAntologia critica de Stijl y Piet Mondrian (Parte II)tLos fines del programa de la BauhaustLos principios que sustentaron los distintos cursos de la BauhaustLos origenes del filme abstracto xSurrealismoxArte modernoxSiglo 20 aGiulia Veronesi (autor), Renato Pinto (editor)